| 000 | 00583nam a2200193Ia 4500 | ||
|---|---|---|---|
| 003 | OSt | ||
| 005 | 20220928145313.0 | ||
| 006 | a|||||r|||| 00| 0 | ||
| 007 | ta | ||
| 008 | 220927b |||||||| |||| 00| 0 eng d | ||
| 024 | _a79945 | ||
| 037 | _cTextual | ||
| 040 |
_aSDCL _cSDCL _beng |
||
| 041 |
_2eng _aeng |
||
| 082 | _aV2:19-8n2,N72, L3 RR | ||
| 245 | 0 |
_aDOCUMENTS ON India's foreign policy.(Jawaharlal Nehru Univ).; (1V per yr. V1- _b 1972 -) This library has V2-3;1973-74 |
|
| 942 |
_hV2:19-8n2,N72, L3 RR _cTEXL _2CC |
||
| 999 |
_c833018 _d833018 |
||